000 00757nmm a2200241 a 4500
001 ocm000701934
003 TR-IsHL
005 20201028142715.0
008 140104s2003 tu tur
007 cr cn
035 _a701934
_b(N$T)
050 0 4 _aHD9697.C33
_bK33 2003
090 0 4 _aHD9697.C33
_bK33 2003
245 1 0 _aKablo etüdü
_h[electronic resource]
260 _aİstanbul :
_bİstanbul Ticaret Odası,
_c2003
300 _a24 p.
650 4 _aEnerji
650 4 _aEnergy
650 0 _aElektrik tel ve kablo sanayi
650 0 _aElectric wire and cable industry
650 7 _aBUSINESS & ECONOMICS / Industries / Energy
_2bisacsh
856 4 0 _uhttp://search.ebscohost.com/login.aspx?direct=true&scope=site&db=e011xww&AN=701934
999 _c8500
_d8500